000 00644cam a22002293a 4500
001 17526
003 PGUSA
005 20140828083356.0
008 060116s2006||||xxu|||||s|||||000 | eng d
040 _aPGUSA
_beng
042 _adc
050 4 _aPZ
100 1 _aScharten-Antink, Margo,
_d1869-1957
245 1 0 _aSprotje heeft een dienst
_h[electronic resource] /
_cMargo Scharten-Antink
260 _bProject Gutenberg,
_c2006
506 _aPublic domain in the USA.
516 _aElectronic text
653 _aChildren's stories
830 0 _aProject Gutenberg
_v17526
856 4 0 _uhttp://www.gutenberg.org/ebooks/17526
942 _cEB
999 _c246781
_d246781